Resumen de datos generales del sector reformado

Uloženo v:
Podrobná bibliografie
Korporativní autor: Instituto Nacional Agrario
Médium: Text
Vydáno: Tegucigalpa: Instituto Nacional Agrario
Tagy: Přidat tag
Žádné tagy, Buďte první, kdo vytvoří štítek k tomuto záznamu!

MARC

LEADER 00000 a a2200000 04500
001 21427
003
040 |a CRAI/IIS  |c CRAI/IIS 
090 |a 094400  
110 |a Instituto Nacional Agrario  
245 |a Resumen de datos generales del sector reformado  
260 |a Tegucigalpa:   |b Instituto Nacional Agrario  
300 |a 35 p.  
999 |c 17787  |d 17787